000 02306nam a2200481Ia 4500
001 dia_5701
003 CHAP
005 20240313171632.0
007 ta
008 220117s2008 mx bdo fr 001 0 spa d
040 _cCHAP
_amxchpua
090 _aT.C.453
_bP66 IAI
_c2008
245 1 0 _aReporte de viaje de estudios, zona centro-sur del estado de Tamaulipas /
_ccoordinador Pedro Ponce Hernández
260 _aMéxico :
_bEl autor,
_c2008
300 _a87 páginas :
_bmapas, gráficas, diagramas, tablas, fotos +
_e1 CD-ROM
336 _2rdacontent
_atexto
_btxt
337 _2rdamedia
_asin medio
_bn
338 _2rdacarrier
_avolumen
_bnc
500 _a5° año Grupo 5 El disco contiene el reporte.
502 _aViaje de estudios
_b(IAI) --
_cUACh. Departamento de Ingeniería Agroindustrial,
_d2008
504 _aBibliografía: página 86
505 _tEmpresas visitadas: -- 1. Ingenio azúcarero -- 2. Reserva ecológica El cielo -- 3. INIP -- 4. Comite Estatal de Sanidad Vegetal de Tamaulipas -- 5. Confederación Nacional de Campesinos -- 6. Sanidad vegetal -- 7. Centro de Investigación Citrícola -- 8. Unión de Sivicultores y Empresarios de Tamaulipas -- 9. Vívero Forestal -- 10. Ingenio Azucarero Aarón Saen Garza -- 11. Reserva de la Biosfera -- 12. INIFAP -- 13. Rancho Los venados -- 14. PROMAR
650 1 3 _aChile habanero
650 1 3 _aCítricos
_924392
650 1 3 _aEnfermedades de los frutos
_9159358
650 1 3 _aIndustria agrícola
_9154220
_zMéxico
_zTamaulipas
650 1 3 _aIndustria azucarera
_9155342
_zMéxico
_zTamaulipas
650 1 3 _aIndustria de los alimentos
_9152869
_zMéxico
_zTamaulipas
650 1 3 _aFood industry
_9152868
_zMexico
_zTamaulipas
650 1 3 _aAgricultural industry
_9154219
_zMexico
_zTamaulipas
650 1 3 _aCitrus fruits
_9152026
650 1 3 _aFruit diseases
_9159359
650 1 3 _aSugar industry
_9155343
_zMexico
_zTamaulipas
700 1 _aPonce Hernández, Pedro
_9147918
_ecoordinador
856 4 2 _uhttp://10.13.5.2/ve/TC453IAI/TC453IAI2008-Reporte.pdf
_yDESCARGAR REPORTE
901 _aT.C.453 P66 IAI 2008
902 _aM
905 _a5232272008 mx dbl 8223123322spa16
942 _2local
942 _cVE
999 _c176708
_d176708